| 000 | 01931nam0a2200385 4500 | ||
|---|---|---|---|
| 001 | RU\NLR\bibl\802451 | ||
| 005 | 20250614130022.0 | ||
| 010 |
_a5-98797-001-6 _bв пер. _95000 |
||
| 021 |
_aRU _b2005-3046 _9150 |
||
| 035 | _aRSL-KNO-002566132 | ||
| 035 | _a(NLR Aleph) 000791616 | ||
| 090 |
_a1125316 _c1125316 |
||
| 100 | _a20050207d2004 |||y0rusy50 ca | ||
| 101 | 0 | _arus | |
| 102 | _aRU | ||
| 105 | _aabc ||||||||| | ||
| 106 | _ar | ||
| 200 | 1 |
_aСеверная энциклопедия _dNorthern practical dictionary _f[сост.: Е.Р. Акбальян _gред.: Е.Г. Абрамович и др.] _zeng |
|
| 210 |
_aМосква _cЕвропейские издания & Северные просторы _d2004 _gОАО Яросл. полигр. комб. |
||
| 215 |
_a1196, [1] с., [40] л. цв. ил., карт. _cил., портр. _d27 _eСD-ROM |
||
| 300 | _aМеждунар. десятилетию кор. народов мира посвящается | ||
| 510 | 0 |
_aNorthern practical dictionary _zeng |
|
| 607 |
_aРоссия _jЭнциклопедии _xИстория _yСевер _92094667 _3RU\NLR\auth\661267486 |
||
| 610 | 0 | _aНауки о Земле (геодезические, геофизические, геологические и географические науки) -- Региональный раздел наук о Земле -- Российская Федерация -- Север РФ -- Краеведческая характеристика -- Энциклопедия | |
| 686 |
_aД9(2Р1)0я20 _2rubbk |
||
| 686 | _aТ3(2Р1)я20 | ||
| 702 | 1 |
_aАкбальян _bЕ. Р. _4220 |
|
| 702 | 1 |
_aАбрамович _bЕ. Г. _4340 |
|
| 801 | 0 |
_aRU _bRuMoRKP _c20050207 _grcr |
|
| 801 | 1 |
_aRU _bRuMoRGB _c20050207 |
|
| 801 | 2 |
_aRU _bNLR _c20050523 _gPSBO |
|
| 830 | _aсост. и ред. не раскр.- в ГАК РНБ нет | ||
| 942 | _cBOOK | ||
| 980 | _aNB | ||